000
00220 a2200097 4500
001
27204
100
_a
Kennedy, G
245
_a
Electronic communications systems
260
_a
_b
McGraw-Hill
_c
1977
090
_c
18123
_d
18123
942
_a
NUST-CAE
_c
M
_c
9029
999
_c
262277
_d
262277